| 000 | 01053 a2200229 4500 | ||
|---|---|---|---|
| 005 | 20080915152327.0 | ||
| 008 | 080915t xxu||||| |||| 00| 0 hin d | ||
| 010 | _aHIN-80832 | ||
| 020 |
_a8186303081 _c200.00 |
||
| 035 | _aHN-53178 | ||
| 037 | _bD.B.Act / pub | ||
| 082 | _a379.2 | ||
| 100 | _aनरेश कुमार | ||
| 245 |
_aराष्ट्रीय शिक्षा _cनरेश कुमार |
||
| 246 |
_aRastriya Shiksha _bby Naresh Kumar |
||
| 260 |
_aदिल्ली _bविक्रम प्रकाशन _c2006 |
||
| 300 |
_a176पृ _c22 सेमी(सजिल्द) |
||
| 500 | _aसन 2004 तथा 2005 का संस्करण आया है | ||
| 270 |
_aई-11/5, कृष्णा नगर _bदिल्ली _e110051 |
||
| 942 |
_adpl _cHN _k379.2 / नरेश _2ddc _h379.2 _m नरेश |
||
| 999 |
_c7135 _d7135 |
||